000
00353nam a2200169Ia 4500
003
0100
008
130307s9999 xx 000 0 und d
040
_c
ARRUPELIB
050
_a
PC5067.B341946
100
_a
Barker, J.W
245
_a
Portuguese
260
_a
NY
260
_b
Hodder and Stoughton
260
_c
1946
300
_a
189p
942
0
0
_0
1
999
_c
83009
_d
83009